000 00196 a2200109 4500
020 _a30008003
041 _aeng
100 _aClare Beaton
245 _aFace Painting
942 _cBK
952 _71
999 _c18139
_d18139